00768nam a22001815i 4500001000700000003000900007005001700016008004100033040003000074100003400104245009600138260006200234300004000296650006800336852003700404999001900441952012600460166801ES-MaACL20230906213414.0031010s1886 cl f |||| | spa d aCCPB | B bspa cCCPB | B1 aUribe y Orrego, Luis.913345614aLos combates navales en la Guerra del Pacífico b: 1879-1881 / cpor Luis Uribe y Orrego. aValparaiso : b[s.n.], c1886 (fimprenta de "La Patria") a200 p., [8] h. de grab. ; c22 cm. 4aGuerra del Pacífico, 1879-1881-xOperaciones navales.9136207 aES-MaACLjG-6708 z-- Enc. pasta c166801d166801 001040708LIBXIXaATENEOMbATENEOMcDEPO2d2008-01-17eSSCl0oG-6708p1174953r2023-02-23 00:00:00w2023-02-23yMONANT